Beste Champions League Torschützen FC Arsenal - Statistiken

Allgemein
  • Dieses Quiz wurde 371 mal gespielt
    12 seit der letzten Aktualisierung
  • Das Durchschnittsergebnis liegt bei 20 aus 45
Antwortstatistiken
Saison Nationalität Tore Spieler % Korrekt
2024/25 England 6 Bukayo Saka
90%
2023/24 England 4 Bukayo Saka
90%
2025/26 Brasilien 6 Gabriel Martinelli
90%
2023/24 Brasilien 4 Gabriel Jesus
80%
2014/15 Deutschland 3 Lukas Podolski
80%
2012/13 Deutschland 4 Lukas Podolski
80%
2006/07 Frankreich 1 Thierry Henry
80%
2005/06 Frankreich 5 Thierry Henry
80%
2004/05 Frankreich 5 Thierry Henry
80%
2003/04 Frankreich 5 Thierry Henry
80%
2002/03 Frankreich 7 Thierry Henry
80%
2001/02 Frankreich 7 Thierry Henry
80%
2000/01 Frankreich 4 Thierry Henry
80%
1998/99 Niederlande 1 Dennis Bergkamp
70%
2014/15 Chile 3 Alexis Sánchez
60%
2008/09 Togo 5 Emmanuel Adebayor
60%
2016/17 Deutschland 4 Mesut Özil
60%
2011/12 Niederlande 4 Robin van Persie
60%
2008/09 Niederlande 5 Robin van Persie
60%
2006/07 Niederlande 1 Robin van Persie
60%
2014/15 Wales 3 Aaron Ramsey
50%
2013/14 Wales 2 Aaron Ramsey
50%
2023/24 Belgien 4 Leandro Trossard
50%
2015/16 Frankreich 5 Olivier Giroud
50%
2013/14 Frankreich 2 Olivier Giroud
50%
2016/17 England 4 Theo Walcott
40%
2006/07 Belarus 1 Aliaksandr Hleb
30%
2007/08 Spanien 4 Cesc Fàbregas
30%
2006/07 Tschechien 1 Tomáš Rosický
30%
1999/00 Niederlande 3 Marc Overmars
20%
1998/99 Niederlande 1 Marc Overmars
20%
2014/15 England 3 Danny Welbeck
10%
2010/11 Kroatien 4 Eduardo
10%
2006/07 Elfenbeinküste 1 Emmanuel Eboué
10%
2013/14 England 2 Jack Wilshere
10%
1998/99 England 1 Martin Keown
10%
2009/10 Dänemark 5 Nicklas Bendtner
10%
2006/07 Spanien 1 Reyes
10%
1998/99 England 1 Tony Adams
10%
1998/99 Deutschland 1 Alberto Méndez
0%
1998/99 Portugal 1 Boa Morte
0%
2006/07 Brasilien 1 Gilberto Silva
0%
2006/07 Brasilien 1 Júlio Baptista
0%
1998/99 Frankreich 1 Nicolas Anelka
0%
1998/99 England 1 Stephen Hughes
0%
Keine übereinstimmenden Quizze gefunden
Verteilung der Resultate
Anzahl Personen mit jedem Resultat
Perzentil nach korrekt beantworteten Fragen
Ihre Resultats-Entwicklung
Sie haben dieses Quiz seit der letzten Aktualisierung nicht gespielt